|
|
|
|
| LEADER |
00974nam a2200217 a 4500 |
| 008 |
090804s1964 enkab b 000 1 eng d |
| 082 |
0 |
0 |
|a 813/.3
|2 17
|
| 100 |
1 |
|
|a Melville, Herman,
|d 1819-1891.
|
| 245 |
1 |
0 |
|a Typee /
|c Herman Melville ; edited with an afterword by Harrison Hayford.
|
| 260 |
|
|
|a Oxford ;
|a New York :
|b the American Library,
|c 1964.
|
| 300 |
|
|
|a xiv, 320 p. :
|b ill. ;
|c 19 cm.
|
| 490 |
0 |
|
|a A signet classics.
|
| 504 |
|
|
|a Includes selected bibliography.
|
| 541 |
1 |
|
|e 00004577
|
| 651 |
|
0 |
|a Marquesas Islands
|x Social life and customs
|x Fiction.
|
| 651 |
|
0 |
|a Marquesas Islands
|x Social life and customs.
|
| 655 |
|
7 |
|a Autobiographical fiction.
|2 gsafd.
|
| 700 |
1 |
|
|a Hayford, Harrison.
|
| 852 |
4 |
|
|a Ayesha Abed Library
|j General Shelf.
|
| 999 |
|
|
|c 3256
|d 3256
|
| 952 |
|
|
|0 0
|1 0
|2 ddc
|4 0
|6 813_300000000000000_MEL
|7 0
|9 2949
|a BRACUL
|b BRACUL
|c GEN
|d 2009-08-31
|g 0.00
|l 2
|m 3
|o 813.3 MEL
|p 3010004577
|r 2025-05-12
|s 2025-05-03
|t 1
|w 2009-08-31
|y BK
|x No price found in the accession register.
|